What Maise knew / (Record no. 22829)
[ view plain ]
| 000 -LEADER | |
|---|---|
| fixed length control field | 00516nam a22002057a 4500 |
| 001 - CONTROL NUMBER | |
| control field | 22829 |
| 003 - CONTROL NUMBER IDENTIFIER | |
| rucl marc code | BD-RjUL |
| 005 - DATE AND TIME OF LATEST TRANSACTION | |
| control field | 20211209000847.0 |
| 008 - FIXED-LENGTH DATA ELEMENTS--GENERAL INFORMATION | |
| fixed length control field | 140309s1790 un |||| |||| 000 0 eng d |
| 035 ## - SYSTEM CONTROL NUMBER | |
| System control number | (BD-RjUL)22894 |
| 040 ## - CATALOGING SOURCE | |
| Original cataloging agency | BD-RjUL |
| Language of cataloging | eng |
| Transcribing agency | BD-RjUL |
| 041 ## - LANGUAGE CODE | |
| Language code of text/sound track or separate title | eng |
| 082 04 - DEWEY DECIMAL CLASSIFICATION NUMBER | |
| Classification number | 813.4 |
| Author mark and year | HEW 1970 |
| 100 1# - MAIN ENTRY--PERSONAL NAME | |
| Personal name | Henry, James |
| 9 (RLIN) | 70392 |
| 245 0# - TITLE STATEMENT | |
| Title | What Maise knew / |
| Statement of responsibility, etc. | Henry James |
| 260 ## - PUBLICATION, DISTRIBUTION, ETC. (IMPRINT) | |
| Place of publication, distribution, etc. | Clifton, N.J : |
| Name of publisher, distributor, etc. | Kelley, |
| Date of publication, distribution, etc. | 1970 |
| 300 ## - PHYSICAL DESCRIPTION | |
| Pagination | 148p. ; |
| Size | 21cm. |
| 650 #0 - SUBJECT ADDED ENTRY--TOPICAL TERM | |
| Topical term or geographic name as entry element | Maise knew |
| 9 (RLIN) | 70393 |
| 942 ## - ADDED ENTRY ELEMENTS (KOHA) | |
| Source of classification or shelving scheme | Dewey Decimal Classification |
| Koha item type | Books |
| Lost status | Source of classification or shelving scheme | Damaged status | Not for loan | Collection code | Permanent Location | Current Location | Shelving location | Date acquired | Source of acquisition | Total Checkouts | Full call number | Date last seen | Copy number | Koha item type |
|---|---|---|---|---|---|---|---|---|---|---|---|---|---|---|
| Dewey Decimal Classification | Non-fiction | Central Library, University of Rajshahi | Central Library, University of Rajshahi | 05/11/1990 | Shawkat Osman Gift | 813.4 HEW 1970 | 09/03/2014 | C-2 | Books |